| 000 | 00342nam a2200121Ia 4500 | ||
|---|---|---|---|
| 008 | 171212s9999 xx 000 0 und d | ||
| 020 | _a9780745333199 | ||
| 100 | _aMcLaughlin, Greg | ||
| 245 |
_cMcLaughlin, Greg _aThe War Correspondent |
||
| 260 |
_bPluto Books _c2016 |
||
| 650 | _aSociology | ||
| 856 | _uhttp://jstor.org/stable/j.ctt19qgf0x | ||
| 999 |
_c351619 _d351619 |
||